<?xml version='1.0' encoding='UTF-8'?>
  <record xmlns="http://www.loc.gov/MARC21/slim">
    <leader>00000cam a2200000 i 4500</leader>
    <controlfield tag="001">ocm69209011</controlfield>
    <controlfield tag="003">OCoLC</controlfield>
    <controlfield tag="005">20250125073119.3</controlfield>
    <controlfield tag="008">941201s1561    sz            000 0 lat d</controlfield>
    <datafield tag="040" ind1=" " ind2=" ">
      <subfield code="a">NLGGC</subfield>
      <subfield code="b">dut</subfield>
      <subfield code="e">fobidrtb</subfield>
      <subfield code="c">NLGGC</subfield>
      <subfield code="d">QGJ</subfield>
      <subfield code="d">OCLCO</subfield>
      <subfield code="d">OCLCL</subfield>
      <subfield code="d">OCLCQ</subfield>
    </datafield>
    <datafield tag="029" ind1="0" ind2=" ">
      <subfield code="a">NLGGC</subfield>
      <subfield code="b">125141335</subfield>
    </datafield>
    <datafield tag="035" ind1=" " ind2=" ">
      <subfield code="a">(OCoLC)69209011</subfield>
    </datafield>
    <datafield tag="100" ind1="1" ind2=" ">
      <subfield code="a">Giovio, Paolo,</subfield>
      <subfield code="c">Cartograaf,</subfield>
      <subfield code="d">1483-1552.</subfield>
      <subfield code="1">https://id.oclc.org/worldcat/entity/E39PBJpJ9PfkRYH8mKKpW9Btrq</subfield>
    </datafield>
    <datafield tag="245" ind1="1" ind2="0">
      <subfield code="a">Pavli Iovii Novocomensis Episcopi Nvcerini Descriptiones, quotquot extant, regionum atq locorum :</subfield>
      <subfield code="b">Qvibvs (vt eivs omnia hoc postremo volumine complecteremur) de piscibus romanis libellum verè aureum adiunximus.</subfield>
    </datafield>
    <datafield tag="246" ind1="3" ind2=" ">
      <subfield code="a">Descriptiones, quotquot extant, regionum atq locorum</subfield>
    </datafield>
    <datafield tag="246" ind1="3" ind2=" ">
      <subfield code="a">De piscibus romanis libellus</subfield>
    </datafield>
    <datafield tag="246" ind1="3" ind2=" ">
      <subfield code="a">Libellus de piscibus romanis</subfield>
    </datafield>
    <datafield tag="246" ind1="3" ind2=" ">
      <subfield code="a">Moschovia, in qua situs regionis antiquis incognitus, religio gentis, moris, &amp;c. fidelissime referuntur</subfield>
    </datafield>
    <datafield tag="246" ind1="3" ind2=" ">
      <subfield code="a">Descriptio Larii lacus</subfield>
    </datafield>
    <datafield tag="260" ind1=" " ind2=" ">
      <subfield code="a">Basileae :</subfield>
      <subfield code="b">[per Henrichum Petri et Petrum Pernam],</subfield>
      <subfield code="c">1561.</subfield>
    </datafield>
    <datafield tag="300" ind1=" " ind2=" ">
      <subfield code="a">2 dl. ;</subfield>
      <subfield code="c">in-8.</subfield>
    </datafield>
    <datafield tag="336" ind1=" " ind2=" ">
      <subfield code="a">tekst</subfield>
      <subfield code="b">txt</subfield>
      <subfield code="2">rdacontent/dut</subfield>
    </datafield>
    <datafield tag="337" ind1=" " ind2=" ">
      <subfield code="a">zonder medium</subfield>
      <subfield code="b">n</subfield>
      <subfield code="2">rdamedia/dut</subfield>
    </datafield>
    <datafield tag="338" ind1=" " ind2=" ">
      <subfield code="a">band</subfield>
      <subfield code="b">nc</subfield>
      <subfield code="2">rdacarrier/dut</subfield>
    </datafield>
    <datafield tag="505" ind1="0" ind2="0">
      <subfield code="g">[I]</subfield>
      <subfield code="t">Descriptio Britanniae, Scotiae, Hyberniae, &amp; Orchadum ;</subfield>
      <subfield code="t">Virorum aliquot in Britannia, qui nostro seculo eruditione, &amp; doctrina clari, memorabilesque fuerunt, elogia /</subfield>
      <subfield code="r">per Georgium Lilium Britannum, exarata ;</subfield>
      <subfield code="t">Anglosaxonum eptarchia in Britannia ;</subfield>
      <subfield code="t">Anglorum regum chronicon --</subfield>
      <subfield code="g">[II]</subfield>
      <subfield code="t">Moschouia ad Ioannem Rufum Archiepiscopum Cosentinum ;</subfield>
      <subfield code="t">Descriptio Larii lacus ;</subfield>
      <subfield code="t">De Romanis piscibus libellus, ad Ludovicum Borbonium Cardinalem ampliss.</subfield>
    </datafield>
    <datafield tag="500" ind1=" " ind2=" ">
      <subfield code="a">Dl. 2 met eigen titelblad, o.d.t.: Moschovia, in qua situs regionis antiquis incognitus, religio gentis, moris, &amp;c. fidelissime referuntur. - Hierin ook: Descriptio Larii lacus.</subfield>
    </datafield>
    <datafield tag="500" ind1=" " ind2=" ">
      <subfield code="a">De piscibus romanis libellus is opgenomen in deel 2, o.m. o.d.t.: Libellus de piscibus romanis.</subfield>
    </datafield>
    <datafield tag="500" ind1=" " ind2=" ">
      <subfield code="a">Uitg. door J. B. Herold.</subfield>
    </datafield>
    <datafield tag="651" ind1=" " ind2="0">
      <subfield code="a">Great Britain</subfield>
      <subfield code="x">Description and travel</subfield>
      <subfield code="v">Early works to 1800.</subfield>
    </datafield>
    <datafield tag="651" ind1=" " ind2="0">
      <subfield code="a">Great Britain</subfield>
      <subfield code="v">Biography</subfield>
      <subfield code="v">Early works to 1800.</subfield>
    </datafield>
    <datafield tag="651" ind1=" " ind2="0">
      <subfield code="a">Great Britain</subfield>
      <subfield code="x">History</subfield>
      <subfield code="v">Early works to 1800.</subfield>
    </datafield>
    <datafield tag="651" ind1=" " ind2="0">
      <subfield code="a">Russia</subfield>
      <subfield code="x">Description and travel</subfield>
      <subfield code="v">Early works to 1800.</subfield>
    </datafield>
    <datafield tag="651" ind1=" " ind2="0">
      <subfield code="a">Como, Lake (Italy)</subfield>
      <subfield code="v">Early works to 1800.</subfield>
    </datafield>
    <datafield tag="650" ind1=" " ind2="0">
      <subfield code="a">Fishes</subfield>
      <subfield code="z">Italy</subfield>
      <subfield code="v">Early works to 1800.</subfield>
    </datafield>
    <datafield tag="651" ind1=" " ind2="6">
      <subfield code="a">Grande-Bretagne</subfield>
      <subfield code="x">Histoire</subfield>
      <subfield code="v">Ouvrages avant 1800.</subfield>
    </datafield>
    <datafield tag="651" ind1=" " ind2="6">
      <subfield code="a">Côme, Lac de (Italie)</subfield>
      <subfield code="v">Ouvrages avant 1800.</subfield>
    </datafield>
    <datafield tag="650" ind1=" " ind2="6">
      <subfield code="a">Poissons</subfield>
      <subfield code="z">Italie</subfield>
      <subfield code="v">Ouvrages avant 1800.</subfield>
    </datafield>
    <datafield tag="650" ind1=" " ind2="7">
      <subfield code="a">Fishes.</subfield>
      <subfield code="2">fast</subfield>
      <subfield code="0">(OCoLC)fst00926361</subfield>
    </datafield>
    <datafield tag="650" ind1=" " ind2="7">
      <subfield code="a">Travel.</subfield>
      <subfield code="2">fast</subfield>
      <subfield code="0">(OCoLC)fst01155558</subfield>
    </datafield>
    <datafield tag="651" ind1=" " ind2="7">
      <subfield code="a">Great Britain.</subfield>
      <subfield code="2">fast</subfield>
      <subfield code="0">(OCoLC)fst01204623</subfield>
      <subfield code="1">https://id.oclc.org/worldcat/entity/E39PBJdmp7p3cx8hpmJ8HvmTpP</subfield>
    </datafield>
    <datafield tag="651" ind1=" " ind2="7">
      <subfield code="a">Italy.</subfield>
      <subfield code="2">fast</subfield>
      <subfield code="0">(OCoLC)fst01204565</subfield>
      <subfield code="1">https://id.oclc.org/worldcat/entity/E39PBJvd8mVMcRhwVmbtcqCPcP</subfield>
    </datafield>
    <datafield tag="651" ind1=" " ind2="7">
      <subfield code="a">Italy</subfield>
      <subfield code="z">Lake Como.</subfield>
      <subfield code="2">fast</subfield>
      <subfield code="0">(OCoLC)fst01333906</subfield>
      <subfield code="1">https://id.oclc.org/worldcat/entity/E39PBJr7X8JXCJDgg8W6fGy68C</subfield>
    </datafield>
    <datafield tag="651" ind1=" " ind2="7">
      <subfield code="a">Russia.</subfield>
      <subfield code="2">fast</subfield>
      <subfield code="0">(OCoLC)fst01207312</subfield>
    </datafield>
    <datafield tag="655" ind1=" " ind2="7">
      <subfield code="a">Biographies.</subfield>
      <subfield code="2">fast</subfield>
      <subfield code="0">(OCoLC)fst01919896</subfield>
    </datafield>
    <datafield tag="655" ind1=" " ind2="7">
      <subfield code="a">History.</subfield>
      <subfield code="2">fast</subfield>
      <subfield code="0">(OCoLC)fst01411628</subfield>
    </datafield>
    <datafield tag="655" ind1=" " ind2="7">
      <subfield code="a">Early works.</subfield>
      <subfield code="2">fast</subfield>
      <subfield code="0">(OCoLC)fst01411636</subfield>
    </datafield>
    <datafield tag="700" ind1="1" ind2=" ">
      <subfield code="a">Herold Acropolitae, Johann Basilius,</subfield>
      <subfield code="c">humanist, drukker, historicus,</subfield>
      <subfield code="d">1514-1567.</subfield>
      <subfield code="1">https://id.oclc.org/worldcat/entity/E39PBJv4hD7BDgT4vcbC3ypHG3</subfield>
    </datafield>
    <datafield tag="710" ind1="0" ind2=" ">
      <subfield code="a">Perna, Peter (Basel)</subfield>
      <subfield code="4">prt</subfield>
      <subfield code="0">(NL-LeOCL)077150341</subfield>
    </datafield>
    <datafield tag="936" ind1=" " ind2=" ">
      <subfield code="a">BATCHLOAD</subfield>
    </datafield>
  </record>